书目信息 |
| 题名: |
高等数学
|
|
| 作者: | 杨海涛 主编 | |
| 分册: | 上册 | |
| 出版信息: | 上海 同济大学出版社 2007.07 |
|
| 页数: | 281页 | |
| 开本: | 23cm | |
| 丛书名: | ||
| 单 册: | ||
| 中图分类: | O13 | |
| 科图分类: | ||
| 主题词: | 高等数学--gao deng shu xue--高等学校--教材 | |
| 电子资源: | ||
| ISBN: | 978-7-5608-3525-9 | |
| 000 | 01038nam0 2200253 450 | |
| 001 | 012007582167 | |
| 005 | 20071108182752.18 | |
| 010 | @a978-7-5608-3525-9@dCNY26.00 | |
| 100 | @a20071108d2007 km y0chiy0120 ea | |
| 101 | 0 | @achi |
| 102 | @aCN@b310000 | |
| 105 | @ay a 000yy | |
| 106 | @ar | |
| 200 | 1 | @a高等数学@Agao deng shu xue@e理工类@h上册@f杨海涛主编@Fyang hai tao zhu bian |
| 210 | @a上海@c同济大学出版社@d2007.07 | |
| 215 | @a281页@d23cm | |
| 300 | @a面向21世纪普通高等教育规划教材 | |
| 320 | @a有书目 (第281页)。 | |
| 330 | @a全书分上下两册,上册分四章,内容包括函数、极限与连续,一元函数微分学,一元函数积分学,向量代数与空间解析几何;附录包括二阶和三阶行列式简介,常用曲线图像,积分表,数学建模,数学实验,下册分四章,内容包括多元函数微分学、积分学,无穷级数和微分方程,附录包括数学建模与数学实验,每册书后附有习题答案与提示。 | |
| 606 | 0 | @a高等数学@Agao deng shu xue@x高等学校@j教材 |
| 690 | @aO13@v4 | |
| 701 | 0 | @a杨海涛@Ayang hai tao@4主编 |
| 801 | 0 | @aCN@b@c20071108 |
| 905 | @b266659-63@dO13@eY196:1@f5 | |
| 高等数学:理工类.上册/杨海涛主编.-上海:同济大学出版社,2007.07 |
| 281页;23cm |
| 面向21世纪普通高等教育规划教材 |
| ISBN 978-7-5608-3525-9:CNY26.00 |
| 全书分上下两册,上册分四章,内容包括函数、极限与连续,一元函数微分学,一元函数积分学,向量代数与空间解析几何;附录包括二阶和三阶行列式简介,常用曲线图像,积分表,数学建模,数学实验,下册分四章,内容包括多元函数微分学、积分学,无穷级数和微分方程,附录包括数学建模与数学实验,每册书后附有习题答案与提示。 |
| ● |
| 相关链接 |
|
|
|
正题名:高等数学
索取号:O13/Y196:1
 
预约/预借
| 序号 | 登录号 | 条形码 | 馆藏地/架位号 | 状态 | 备注 |
| 1 | 266659 | 202666597 | 自科库401/401自科库 107排8列2层/ [索取号:O13/Y196:1] | 在馆 | |
| 2 | 266660 | 202666604 | 自科库401/401自科库 107排8列2层/ [索取号:O13/Y196:1] | 在馆 | |
| 3 | 266661 | 202666613 | 自科库401/401自科库 107排8列2层/ [索取号:O13/Y196:1] | 在馆 | |
| 4 | 266662 | 202666622 | 自科二线504/504自科库 9排4列2层/ [索取号:O13/Y196:1] | 在馆 | |
| 5 | 266663 | 202666631 | 自科二线504/504自科库 9排4列4层/ [索取号:O13/Y196:1] | 在馆 |